| 000 | 00699nas a2200253 i 4500 | ||
|---|---|---|---|
| 001 | 1542 | ||
| 003 | ES-MaACL | ||
| 005 | 20250812062553.0 | ||
| 008 | 950801d19601970sp q| | 1 ||pa d | ||
| 080 | _a1 | ||
| 080 | _a7 | ||
| 245 | 0 | 0 |
_aNoesis _b: revista de filosofía y arte / _cdir., Francisco Trujillo Marín. |
| 260 |
_aMadrid : _b[Trujillo Marín], _c1960-1970. |
||
| 300 |
_av. ; _c17 cm. |
||
| 310 | _aTrimestral | ||
| 362 | 0 | _a1960-1970. | |
| 650 | 7 |
_aFilosofía _2embne _912802 |
|
| 650 | 7 |
_aArte _2embne _910068 |
|
| 700 | 0 |
_aTrujillo Marín, Francisco _9111578 |
|
| 852 |
_aES-MaACL _j2130-F-29-38 |
||
| 866 | 0 | _o1960,(1965-66)1967-1970 | |
| 942 | _2udc | ||
| 999 |
_c1542 _d1542 |
||